Normal view MARC view

Entry Términos de género/forma

Number of records used in: 1

001 - NÚMERO DE CONTROL

  • campo de control: 30065

003 - IDENTIFICADOR DEL NÚMERO DE CONTROL

  • campo de control: FranzMayer

005 - FECHA Y HORA DE LA ÚLTIMA TRANSACCIÓN

  • campo de control: 20251006172136.0

008 - DATOS DE LONGITUD FIJA

  • campo de control de longitud fija: 251006|| aca||aabn | a|a d

040 ## - FUENTE DE LA CATALOGACIÓN

  • Centro catalogador/agencia de origen: FranzMayer
  • Centro/agencia transcriptor: FranzMayer

155 ## - ENCABEZAMIENTO--TÉRMINO DE GÉNERO/FORMA

  • Término de género/forma: Atlas
  • Subdivisión cronológica: Obras antiguas hasta 1800
  • Subdivisión geográfica: Países Bajos

670 ## - FUENTE DE DATOS ENCONTRADOS

  • Cita de la fuente: Work cat.: (FranzMayer)11093: Janssonius, Johannes (1588-1664) autor editor 30057, Atlantis majoris quinta pars, orbem maritimum, seu Omnium Marium Orbis Terrarum Navigationibus hodierno temporum frequentatorum descriptionem accuratissimam continens /, 1657